| Tag |
First Indicator |
Second Indicator |
Subfields |
| LEADER |
00000cam a2200000 a 4500 |
| 001 |
in00000098728 |
| 005 |
20150924155727.0 |
| 007 |
hd af| c||| |
| 008 |
821129r1965 miua ab 00110 eng d |
| 035 |
|
|
|a (OCoLC)08999637
|
| 035 |
|
|
|9 AAK9838AM
|
| 040 |
|
|
|a TXA
|c TXA
|d UtOrBLW
|
| 043 |
|
|
|a n-us-or
|
| 049 |
|
|
|a TXAI
|
| 099 |
|
|
|a film
|a B
|a 249
|
| 100 |
1 |
|
|a Sabin, Robert Clarence,
|d 1921-
|
| 245 |
1 |
2 |
|a A survey of the need for an intermediate school district in Oregon with implications for its future development /
|c by Robert Clarence Sabin.
|
| 264 |
|
1 |
|a [Place of publication not identified] :
|b [publisher not identified] ;
|c 1965.
|
| 300 |
|
|
|a 489 leaves :
|b illustrations
|
| 336 |
|
|
|a text
|b txt
|2 rdacontent
|
| 337 |
|
|
|a microform
|b h
|2 rdamedia
|
| 338 |
|
|
|a microfilm reel
|b hd
|2 rdacarrier
|
| 500 |
|
|
|a Vita.
|
| 500 |
|
|
|a Includes index.
|
| 502 |
|
|
|b Ed. D.
|c University of Oregon
|d 1965.
|
| 504 |
|
|
|a Bibliography: leaves 433-444.
|
| 533 |
|
|
|a Microfilm.
|b Ann Arbor, Mich. :
|c University Microfilms,
|d 1965.
|e 1 microfilm reel : ill. ; 35 mm.
|
| 500 |
|
|
|a Microform.
|
| 650 |
|
0 |
|a School districts
|z Oregon.
|
| 650 |
|
0 |
|a School management and organization
|z Oregon.
|
| 999 |
|
|
|a MARS
|
| 999 |
f |
f |
|s b72bca60-cafc-348d-bd9e-9650bad14ba6
|i 656f7dfa-64f4-368a-a432-884723f5a5a5
|t 0
|
| 952 |
f |
f |
|p default
|a Texas A&M University
|b College Station
|c Sterling C. Evans Library
|d Evans: Microforms (3rd floor)
|t 0
|e film B 249
|h Other scheme
|i microform -- microfilm reel
|
| 998 |
f |
f |
|a film B 249
|t 0
|l Evans: Microforms (3rd floor)
|